<?xml version="1.0" encoding="UTF-8"?>
<collection xmlns="http://www.loc.gov/MARC21/slim">
  <record>
    <leader>00000nam  2200000   4500</leader>
    <controlfield tag="001">INLIS000000000013189</controlfield>
    <controlfield tag="005">20220808102450</controlfield>
    <datafield tag="035" ind1="#" ind2="#">
      <subfield code="a">0010-0722000027</subfield>
    </datafield>
    <datafield tag="245" ind1="1" ind2="#">
      <subfield code="a">Optimalisasi Pengelolaan Reses dalam Upaya Akuntabilitas Kinerja DPRD Kabupaten Berau (SIPOLA - RESES) /</subfield>
      <subfield code="c">Eva Yunita, S.E., M.M.</subfield>
    </datafield>
    <datafield tag="100" ind1=" " ind2="#">
      <subfield code="a">YUNITA, Eva</subfield>
    </datafield>
    <datafield tag="250" ind1="#" ind2="#">
      <subfield code="a">1</subfield>
    </datafield>
    <datafield tag="300" ind1="#" ind2="#">
      <subfield code="a">ix, 65 halaman; lampiran :</subfield>
      <subfield code="b">ilustrasi ;</subfield>
      <subfield code="c">30 cm</subfield>
    </datafield>
    <datafield tag="260" ind1="#" ind2="#">
      <subfield code="a">Samarinda :</subfield>
      <subfield code="b">Puslatbang KDOD,</subfield>
      <subfield code="c">2020</subfield>
    </datafield>
    <datafield tag="084" ind1="#" ind2="#">
      <subfield code="a">PKN 284 2020</subfield>
    </datafield>
    <datafield tag="650" ind1="#" ind2="4">
      <subfield code="a">Proyek Perubahan</subfield>
    </datafield>
    <datafield tag="650" ind1="#" ind2="4">
      <subfield code="a">Kepemimpinan Nasional Tingkat II</subfield>
    </datafield>
    <datafield tag="650" ind1="#" ind2="4">
      <subfield code="a">sistem informasi</subfield>
    </datafield>
    <datafield tag="650" ind1="#" ind2="4">
      <subfield code="a">teknologi informasi</subfield>
    </datafield>
    <datafield tag="650" ind1="#" ind2="4">
      <subfield code="a">aplikasi pemerintah</subfield>
    </datafield>
    <datafield tag="650" ind1="#" ind2="4">
      <subfield code="a">laporan pertanggung jawaban</subfield>
    </datafield>
    <datafield tag="650" ind1="#" ind2="4">
      <subfield code="a">akuntabilitas instansi</subfield>
    </datafield>
    <datafield tag="520" ind1="#" ind2="#">
      <subfield code="a">Laporan proyek perubahan ini didorong belum adanya aturan yang bisa dijadikan acuan/pedoman pengelolaan reses baik dalam menyusun perencanaan, pelaksanaan, maupun dengan pertanggungjawaban Reses (Kejelasan tata Kelola Reses). Proyek ini mengupayakan payung hukum sebagai pedoman pelaksanaan dan pertangggungjawaban reses dan membangun system pelaporan hasil reses yang terintegrasi (SIPOLA-RESES) berbasis aplikasi dan website untuk memudahkan masyarakat dalam mengetahui kinerja DPRD dengan harapan mewujudkan iklim tranparansi dan akuntabilitas pelaksanaan reses DPRD Berau serta meningkatkan peran masyarakat dalam mendukung kinerja DPRD.</subfield>
    </datafield>
    <datafield tag="500" ind1="#" ind2="#">
      <subfield code="a">Coach : Prof. Dr. Sukisno S. Riadi M.M&#13;
Penguji : Ismayanti, DEM.., DEA&#13;
Mentor : Ir. Muhammad Gazali, SIP, M.M</subfield>
    </datafield>
    <controlfield tag="008">220808################|##########|#|##</controlfield>
    <datafield tag="990" ind1="#" ind2="#">
      <subfield code="a">PKN/284/2020</subfield>
    </datafield>
  </record>
</collection>
